-
KUMAR, DR. RAJEEV AND KHADE, DR. AMOL B
Entry Personal Name
Number of records used in: 1
001 - CONTROL NUMBER
003 - CONTROL NUMBER IDENTIFIER
005 - DATE AND TIME OF LATEST TRANSACTION
- control field:
20251124104552.0
008 - FIXED-LENGTH DATA ELEMENTS
- fixed length control field:
251124|| aca||aabn | a|a d
040 ## - CATALOGING SOURCE
- Original cataloging agency:
JRU
- Transcribing agency:
JRU
100 ## - HEADING--PERSONAL NAME
- Personal name:
KUMAR, DR. RAJEEV AND KHADE, DR. AMOL B
670 ## - SOURCE DATA FOUND
- Source citation:
Work cat.: (JRU)8968: KUMAR, DR. RAJEEV AND KHADE, DR. AMOL B. , PHARMACEUTICAL CHEMISTRY-I : FOR 1ST YEAR D. PHARMA STUDENTS [AS PER PCI SYLLABUS